Catálogo
 En Linea

El viajero del siglo / (Registro nro. 46104)

Detalles MARC
000 -CABECERA
campo de control de longitud fija 00487nam a2200157 u 4500
001 - NÚMERO DE CONTROL
campo de control 000046615
005 - FECHA Y HORA DE LA ÚLTIMA TRANSACCIÓN
campo de control 20201002053013.0
008 - DATOS DE LONGITUD FIJA--INFORMACIÓN GENERAL
campo de control de longitud fija 170131s2009 mx r 000 0 eng d
020 ## - NÚMERO INTERNACIONAL ESTÁNDAR DEL LIBRO
Número Internacional Estándar del Libro 9786071102263
040 ## - FUENTE DE LA CATALOGACIÓN
Centro catalogador/agencia de origen DO-SdBNP
Lengua de catalogación spa
Centro/agencia transcriptor BNPHU
100 1# - ENTRADA PRINCIPAL--NOMBRE DE PERSONA
Nombre de persona Neuman, Andrés
Fechas asociadas al nombre 1977-
9 (RLIN) 74614
245 13 - MENCIÓN DE TÍTULO
Título El viajero del siglo /
Mención de responsabilidad, etc. Andrés Neuman.
260 ## - PUBLICACIÓN, DISTRIBUCIÓN, ETC.
Lugar de publicación, distribución, etc. México :
Nombre del editor, distribuidor, etc. Alfaguara,
Fecha de publicación, distribución, etc. 2009.
300 ## - DESCRIPCIÓN FÍSICA
Extensión 531 p. ;
Dimensiones 26 cm.
500 ## - NOTA GENERAL
Nota general Incluye datos biográficos del autor en la solapa de la cubierta

No hay ítems disponibles.

Con tecnología Koha